000 00822nam a22002777a 4500
003 CHAP
005 20220817041452.0
008 971013s1969 r 00010 d
010 _a15382
011 _a16354
035 _a20433
040 _cCHAP
082 _a634.81
_bH53
100 0 0 _aHidalgo, Luis.
_955213
245 _aMorfología radicular de la vid; su relación con la producción, densidad y disposición del viñedo
260 _aMadrid :
_bINIA,
_c1969
300 _a101 p.
_b: ilus. ; láms.
590 _aBATCH-UPD
_b10
_c20130110
_lUCH01
_h1130
590 _aCONVERSION
_b10
_c20130109
_lUCH01
_h1310
650 1 4 _aRaíces
_994670
650 1 4 _aVid.
_9119097
650 1 4 _aViticultura.
901 _aBK
942 _cLIBRO
949 _a634.81 H53
_bBC
_cLIBRO
_d33724000211314
_eLIBRO
_h13544
_i20433
_mD
_si
999 _c15382
_d15382